000 02023nam2a2200349 4500
001 RU\NLR\bibl\223920
005 20250619104933.0
021 _aRU
_b2001-38832
_91843
035 _a(NLR Aleph) 000219956
090 _a1278291
_c1278291
100 _a20020108g2001 |||y0rusy50 ca
101 0 _arus
_aeng
102 _aRU
105 _aa |||||||||
200 1 _aТВС, твэлы, пэлы, циркониевые материалы для ядерных реакторов
_vч. 2
210 _d2001
_aБ. м.
215 _a355 с.
_cил.
300 _aТекст на рус. и англ. яз
320 _aБиблиогр. в конце докл.
461 0 _1001RU\NLR\bibl\223615
_12001#$aСборник докладов Шестой российской конференции по реакторному материаловедению (г. Димитровград, 11-15 сентября 2000 г.)$vТ. 2, ч. 2
_91276458
_aРоссийская конференция по реакторному материаловедению (7 ; 2003 ; Димитровград)
_cДимитровград
_d2001
_nНИИАР
_o[В 3 т.]
_tСборник докладов Шестой российской конференции по реакторному материаловедению (г. Димитровград, 11-15 сентября 2000 г.)
_vТ. 2, ч. 2
606 0 _aЯдерные реакторы
_jСъезды, совещания и т.п.
_xТопливные элементы
_9935759
_3RU\NLR\auth\66345324
606 0 _aЯдерные реакторы
_jСъезды, совещания и т.п.
_xТопливные элементы
_xОболочки из циркония
_91129313
_3RU\NLR\auth\66128987
675 _a621.039.53/.54(082)
_v3
_zrus
686 _a58
_2rugasnti
686 _a31.46
_2rubbk
686 _aЗ46-042.2я431
801 0 _aRU
_bRKP
_c20020108
_gPSBO
801 1 _aRU
_bRKP
_c20020108
801 2 _aRU
_bNLR
_c20020506
_grcr
942 _cBOOK
980 _aNB